[Event "Newfoundland op"]
[Site "St. John's CAN"]
[Date "2003.08.30"]
[Round "2"]
[White "Tsui, Edwin"]
[Black "Spraggett, Grant"]
[Result "0-1"]
[WhiteElo "1860"]
[BlackElo "2378"]
[PlyCount "85"]
[EventDate "2003.08.30"]
[EventType "swiss"]
[EventRounds "5"]
[EventCountry "CAN"]
[Source "CFC"]
[SourceDate "2003.10.??"]

1. e4 g6 2. d4 Nf6 3. Nc3 d5 4. e5 Nh5 5. Nf3 Bg4 6. Be2 c6 7. h3 Bxf3 8. Bxf3
Ng7 9. Bf4 Nd7 10. Qe2 e6 11. Nd1 h5 12. g4 Be7 13. Ne3 a6 14. Rg1 g5 15. Bh2
hxg4 16. Nxg4 Nf5 17. c3 Rxh3 18. O-O-O Qa5 19. Kb1 O-O-O 20. Bg3 Rdh8 21. Ne3
Nxe3 22. Qxe3 Kb8 23. Bg4 R3h7 24. f4 gxf4 25. Bxf4 c5 26. Bf5 Rh5 27. Bc2 cxd4
28. cxd4 Rh3 29. Qf2 Qd8 30. Bd2 Qf8 31. Bb3 Ka7 32. Rc1 Nb8 33. Rc7 Nc6 34.
Rc1 Kb6 35. R7xc6+ bxc6 36. Ba4 Rh1 37. Be1 R8h7 38. Qe3 c5 39. Qc3 Ka7 40.
dxc5 Bxc5 41. a3 Bb6 42. Ka1 Qb8 43. Bd7 0-1

[Event "North Ontario op"]
[Site "Sudbury CAN"]
[Date "2003.04.26"]
[Round "3"]
[White "Henderson, Fred"]
[Black "Kiviaho, Robert"]
[Result "1/2-1/2"]
[WhiteElo "1883"]
[BlackElo "2296"]
[PlyCount "91"]
[EventDate "2003.04.26"]
[EventType "swiss"]
[EventRounds "5"]
[EventCountry "CAN"]
[Source "CFC"]
[SourceDate "2003.06.??"]

1. d4 Nf6 2. c4 g6 3. g3 Bg7 4. Bg2 O-O 5. Nf3 d6 6. O-O Nbd7 7. Qc2 c6 8. Rd1
Qc7 9. Nc3 e5 10. h3 Re8 11. e4 b5 12. dxe5 Nxe5 13. Nxe5 dxe5 14. c5 Be6 15.
Be3 b4 16. Na4 Rad8 17. b3 Rxd1+ 18. Rxd1 Rd8 19. Rxd8+ Qxd8 20. Nb2 Qa5 21.
Nd3 Nd7 22. Bd2 Bf8 23. Bxb4 Qb5 24. Bf1 Qb8 25. Bd2 f5 26. Bg2 Qb5 27. Be3
fxe4 28. Bxe4 Bxh3 29. a4 Qb7 30. Qc4+ Kg7 31. f4 exf4 32. Nxf4 Bg4 33. Ne6+
Bxe6 34. Qxe6 Bxc5 35. Bxc5 Nxc5 36. Qe5+ Kg8 37. Qxc5 Qxb3 38. Bxc6 Qxg3+ 39.
Kf1 Qd3+ 40. Ke1 Qb1+ 41. Kd2 Qb8 42. Bd5+ Kg7 43. Qd4+ Kh6 44. Qh4+ Kg7 45.
Qe7+ Kh6 46. Qh4+ 1/2-1/2

[Event "Northern Alberta op"]
[Site "Edmonton CAN"]
[Date "2003.02.22"]
[Round "1"]
[White "Dean, Tim"]
[Black "Bjornsson, Yngvi"]
[Result "1/2-1/2"]
[WhiteElo "1714"]
[BlackElo "2077"]
[PlyCount "87"]
[EventDate "2003.02.22"]
[EventType "swiss"]
[EventRounds "5"]
[EventCountry "CAN"]

1. e4 d5 2. exd5 Qxd5 3. Nc3 Qa5 4. d4 Nf6 5. Bd2 c6 6. Ne4 Qc7 7. Nxf6+ gxf6
8. Qh5 Be6 9. Ne2 Qd7 10. Nc3 Qxd4 11. O-O-O Qxf2 12. Bd3 Nd7 13. Rhe1 Ne5 14.
Rxe5 fxe5 15. Ne4 Qxg2 16. Qxe5 Bg7 17. Qc5 Qxh2 18. Bb4 Qc7 19. Qg5 Rg8 20.
Bc3 f6 21. Qc5 b6 22. Qh5+ Bf7 23. Qh3 Qd7 24. Qxh7 Qe6 25. b4 O-O-O 26. Ba6+
Kc7 27. Qh2+ Rd6 28. Nxd6 exd6 29. Re1 Qd7 30. Rd1 Rh8 31. Qf2 Bh6+ 32. Kb2 Bg5
33. Bxf6 Bxf6+ 34. Qxf6 Re8 35. Rf1 Bd5 36. Rg1 Re7 37. Qf8 Qd8 38. Qf6 Rf7 39.
Qxd8+ Kxd8 40. Rg8+ Ke7 41. Rg3 Be4 42. Bd3 d5 43. Bxe4 dxe4 44. Rg4 1/2-1/2

[Event "Northern Alberta op"]
[Site "Edmonton CAN"]
[Date "2003.02.22"]
[Round "1"]
[White "Hughey, Micah"]
[Black "Kazakevich, Alexander"]
[Result "1-0"]
[WhiteElo "2016"]
[BlackElo "1667"]
[PlyCount "91"]
[EventDate "2003.02.22"]
[EventType "swiss"]
[EventRounds "5"]
[EventCountry "CAN"]

1. e4 c6 2. c4 d5 3. exd5 cxd5 4. d4 Nf6 5. Nc3 e6 6. Nf3 Be7 7. c5 Nc6 8. Bb5
O-O 9. O-O Bd7 10. Re1 Na5 11. Bd3 b6 12. b4 Nc4 13. Bxc4 dxc4 14. Ne5 bxc5 15.
bxc5 Nd5 16. Qf3 Bf6 17. Nxd5 Bxe5 18. Rxe5 exd5 19. Qxd5 Be6 20. Qe4 Re8 21.
Bg5 Qa5 22. d5 Bd7 23. Be7 f6 24. Re6 Bxe6 25. Qxe6+ Kh8 26. c6 Rab8 27. h3 Rb5
28. Qd7 Rg8 29. c7 Qa6 30. d6 Rc5 31. Qe6 Rxc7 32. Qxg8+ Kxg8 33. dxc7 Kf7 34.
Rd1 Kxe7 35. Rd8 Qb6 36. Rg8 Qxc7 37. Rxg7+ Kd6 38. Rxc7 Kxc7 39. Kf1 Kd6 40.
Ke2 Kd5 41. Kd2 Kd4 42. a4 a5 43. g4 c3+ 44. Kc2 Ke4 45. Kxc3 Kf4 46. Kc4 1-0

[Event "Northern Alberta op"]
[Site "Edmonton CAN"]
[Date "2003.02.22"]
[Round "1"]
[White "Milward, David"]
[Black "Gardner, Robert"]
[Result "0-1"]
[WhiteElo "1732"]
[BlackElo "2226"]
[PlyCount "39"]
[EventDate "2003.02.22"]
[EventType "swiss"]
[EventRounds "5"]
[EventCountry "CAN"]

1. e4 c5 2. Nf3 d6 3. d4 cxd4 4. Nxd4 Nf6 5. Nc3 a6 6. Bg5 e6 7. f4 Be7 8. Qf3
Qc7 9. O-O-O Nbd7 10. g4 b5 11. Bxf6 Nxf6 12. g5 Nd7 13. f5 Nc5 14. fxe6 fxe6
15. Ndxb5 axb5 16. Bxb5+ Bd7 17. Rhf1 Bxg5+ 18. Kb1 O-O-O 19. Qg3 Bf6 20. Qd3
0-1

[Event "Northern Alberta op"]
[Site "Edmonton CAN"]
[Date "2003.02.22"]
[Round "2"]
[White "Chi, Jonathan"]
[Black "Yearwood, Roy"]
[Result "0-1"]
[WhiteElo "1705"]
[BlackElo "2127"]
[PlyCount "78"]
[EventDate "2003.02.22"]
[EventType "swiss"]
[EventRounds "5"]
[EventCountry "CAN"]

1. d4 c5 2. c3 Nf6 3. Nf3 g6 4. Bf4 Bg7 5. e3 O-O 6. Nbd2 d6 7. Bd3 Nbd7 8. Qc2
Re8 9. Bg3 e5 10. dxe5 dxe5 11. e4 Nh5 12. Bc4 Nb6 13. Bb3 Qc7 14. Nc4 Nxc4 15.
Bxc4 Be6 16. Bxe6 Rxe6 17. O-O-O b5 18. Rd5 Nf4 19. Bxf4 exf4 20. Rhd1 Re7 21.
Ng1 Rb8 22. f3 h5 23. Kb1 b4 24. cxb4 Rxb4 25. a3 Rxb2+ 26. Qxb2 Bxb2 27. Kxb2
Qb6+ 28. Kc2 Rb7 29. Kd2 Qb2+ 30. Ke1 Qxg2 31. Ne2 Rb2 32. R5d2 Qh1+ 33. Kf2
Qxh2+ 34. Kf1 Rxd2 35. Rxd2 h4 36. Rd8+ Kg7 37. Ke1 h3 38. Kd2 Qf2 39. Kd1 h2
0-1

[Event "Northern Alberta op"]
[Site "Edmonton CAN"]
[Date "2003.02.22"]
[Round "2"]
[White "Daniluk, Jim"]
[Black "Rekhson, Vladislav"]
[Result "1-0"]
[WhiteElo "1956"]
[BlackElo "1778"]
[PlyCount "49"]
[EventDate "2003.02.22"]
[EventType "swiss"]
[EventRounds "5"]
[EventCountry "CAN"]

1. d4 Nf6 2. Nf3 d5 3. c4 e6 4. g3 Be7 5. Bg2 O-O 6. O-O b6 7. cxd5 Nxd5 8. e4
Nf6 9. Nc3 Bb7 10. Re1 Re8 11. Qc2 c5 12. e5 Nd5 13. dxc5 Bxc5 14. Ng5 g6 15.
Rd1 Nd7 16. Nxd5 Bxd5 17. Nxf7 Kxf7 18. Rxd5 exd5 19. Bxd5+ Kg7 20. Qd2 Nxe5
21. Qh6+ Kh8 22. Bg5 Bxf2+ 23. Kf1 Rf8 24. Bxd8 Be3+ 25. Qxf8# 1-0

[Event "Northern Alberta op"]
[Site "Edmonton CAN"]
[Date "2003.02.22"]
[Round "2"]
[White "Dean, Tim"]
[Black "Hinds, Ronald"]
[Result "1/2-1/2"]
[WhiteElo "1714"]
[BlackElo "2007"]
[PlyCount "59"]
[EventDate "2003.02.22"]
[EventType "swiss"]
[EventRounds "5"]
[EventCountry "CAN"]

1. e4 c5 2. Nf3 e6 3. d4 cxd4 4. Nxd4 Nf6 5. Nc3 d6 6. Be2 Nc6 7. Be3 Be7 8.
O-O O-O 9. f4 e5 10. Nb3 exf4 11. Bxf4 Be6 12. Bf3 Bc4 13. Re1 Ne5 14. Nd5 Bxd5
15. exd5 Nfd7 16. Bg4 Bf6 17. Bxd7 Qxd7 18. Nd2 Ng6 19. Bg3 Bxb2 20. Rb1 Be5
21. Bxe5 Nxe5 22. Nf3 Nxf3+ 23. Qxf3 Rac8 24. Re2 Qc7 25. Rbe1 b5 26. Qf5 a5
27. h3 h6 28. Kh2 b4 29. Qf4 Qc5 30. Qf5 1/2-1/2

[Event "Northern Alberta op"]
[Site "Edmonton CAN"]
[Date "2003.02.22"]
[Round "2"]
[White "Gardner, Robert"]
[Black "Culjaga, Nikolai"]
[Result "1-0"]
[WhiteElo "2226"]
[BlackElo "1800"]
[PlyCount "87"]
[EventDate "2003.02.22"]
[EventType "swiss"]
[EventRounds "5"]
[EventCountry "CAN"]
[SourceDate "2003.08.17"]

1. d4 d5 2. c4 e6 3. Nc3 Nf6 4. Nf3 h6 5. e3 c5 6. dxc5 Bxc5 7. cxd5 Nxd5 8.
Nxd5 Qxd5 9. Qxd5 exd5 10. Bd2 O-O 11. Bc3 Nc6 12. O-O-O Be6 13. Nd4 Nxd4 14.
Bxd4 Rac8 15. Bxc5 b6 16. Kb1 bxc5 17. Be2 c4 18. Rd4 Rc5 19. Rc1 Rb8 20. Bg4
Rcb5 21. Rc2 f5 22. Be2 R5b6 23. Bf3 Rb5 24. Kc1 a5 25. Rcd2 c3 26. bxc3 Rb1+
27. Kc2 R8b2+ 28. Kd3 Rxd2+ 29. Kxd2 Rb2+ 30. Ke1 Rxa2 31. Bxd5 Ra1+ 32. Ke2
Kf7 33. Bxe6+ Kxe6 34. Rd1 Rxd1 35. Kxd1 Kd5 36. f3 a4 37. Kc2 Kc4 38. e4 fxe4
39. fxe4 g5 40. g4 Kc5 41. Kb2 Kd6 42. c4 Kc5 43. e5 Kc6 44. Ka3 1-0

[Event "Northern Alberta op"]
[Site "Edmonton CAN"]
[Date "2003.02.22"]
[Round "2"]
[White "McIntosh, Danny"]
[Black "Hughey, Micah"]
[Result "0-1"]
[WhiteElo "1712"]
[BlackElo "2016"]
[PlyCount "70"]
[EventDate "2003.02.22"]
[EventType "swiss"]
[EventRounds "5"]
[EventCountry "CAN"]

1. e4 Nf6 2. e5 Nd5 3. c4 Nb6 4. d4 d6 5. Nf3 Bg4 6. Be2 Nc6 7. d5 Bxf3 8. e6
Bxe2 9. Qxe2 Nd4 10. Qe4 c5 11. b3 fxe6 12. dxe6 Qc8 13. O-O Qxe6 14. Qxb7 Ne2+
15. Kh1 Nxc1 16. Rxc1 g6 17. Nc3 Bg7 18. Nb5 O-O 19. Rab1 Qd7 20. Qe4 Rxf2 21.
a4 Raf8 22. Re1 a6 23. a5 Nc8 24. Qd3 Na7 25. Na3 Qf5 26. Qd5+ e6 27. Qxf5
R8xf5 28. h3 Ra2 29. Rxe6 Be5 30. Re8+ Rf8 31. Re7 Rf7 32. Rxf7 Kxf7 33. Rf1+
Ke7 34. Nb1 Nc6 35. Re1 Ra1 0-1

[Event "Northern Alberta op"]
[Site "Edmonton CAN"]
[Date "2003.02.22"]
[Round "3"]
[White "Culjaga, Nikolai"]
[Black "Dean, Tim"]
[Result "1-0"]
[WhiteElo "1800"]
[BlackElo "1714"]
[PlyCount "93"]
[EventDate "2003.02.22"]
[EventType "swiss"]
[EventRounds "5"]
[EventCountry "CAN"]

1. e4 e5 2. Bc4 Nf6 3. d3 d5 4. exd5 Nxd5 5. Qe2 Nc6 6. Bd2 Be7 7. h3 Nd4 8.
Qd1 O-O 9. Nf3 Nxf3+ 10. Qxf3 Nb4 11. Bxb4 Bxb4+ 12. c3 Bc5 13. Nd2 Be6 14.
O-O-O Bxc4 15. Nxc4 f6 16. Rhf1 c6 17. Qe4 Qc7 18. Nd2 Kh8 19. f4 exf4 20. Rxf4
Rfe8 21. Qf3 Be3 22. Rg4 Qf7 23. b3 a5 24. Kb2 Bxd2 25. Rxd2 a4 26. Rxa4 Rxa4
27. bxa4 h6 28. Qg4 Qe7 29. Qb4 Qe3 30. Kc2 Qe1 31. Qb1 Qe7 32. Qb4 Qe6 33. Qb3
Qe7 34. Kb2 Qe3 35. Kc2 Qe7 36. d4 Qe4+ 37. Kb2 Qf4 38. Rc2 Qc7 39. Qb4 b6 40.
Rd2 c5 41. Qb5 Rd8 42. d5 c4 43. Rd4 Kg8 44. Rxc4 Qe7 45. Rg4 Qb7 46. Qc4 Rxd5
47. Rd4 1-0

[Event "Northern Alberta op"]
[Site "Edmonton CAN"]
[Date "2003.02.22"]
[Round "3"]
[White "Huber, Greg"]
[Black "Gardner, Robert"]
[Result "0-1"]
[WhiteElo "2325"]
[BlackElo "2226"]
[PlyCount "106"]
[EventDate "2003.02.22"]
[EventType "swiss"]
[EventRounds "5"]
[EventCountry "CAN"]

1. e4 c5 2. Nf3 d6 3. d4 cxd4 4. Nxd4 Nf6 5. Nc3 a6 6. Be2 e5 7. Nb3 Be7 8. O-O
O-O 9. Kh1 b6 10. Be3 Bb7 11. f3 Nbd7 12. a4 Rc8 13. Rf2 Rc7 14. Bf1 Qa8 15.
Rd2 Rfc8 16. Nc1 Rxc3 17. bxc3 d5 18. Bg5 dxe4 19. Rxd7 Nxd7 20. Bxe7 exf3 21.
Qd2 fxg2+ 22. Bxg2 Bxg2+ 23. Qxg2 Qxg2+ 24. Kxg2 Rxc3 25. Ra2 f5 26. Nd3 Kf7
27. Bd8 Rc8 28. Bh4 a5 29. Bf2 g5 30. Rb2 e4 31. Ne1 Rc6 32. Rb5 Ke6 33. Bd4
Rd6 34. c3 Rd5 35. Rb2 f4 36. Bxb6 Rd1 37. Kf2 Ne5 38. Re2 Kf5 39. h3 h5 40.
Bd4 Nd3+ 41. Nxd3 Rxd3 42. Rc2 Rxh3 43. Kg1 Rd3 44. Rc1 e3 45. Bb6 e2 46. Re1
f3 47. Bxa5 g4 48. c4 g3 49. Bb6 Rd1 50. Bf2 gxf2+ 51. Kxf2 Rxe1 52. Kxe1 Ke4
53. Kf2 Kd3 0-1

[Event "Northern Alberta op"]
[Site "Edmonton CAN"]
[Date "2003.02.22"]
[Round "3"]
[White "Yearwood, Roy"]
[Black "Hughey, Micah"]
[Result "0-1"]
[WhiteElo "2127"]
[BlackElo "2016"]
[PlyCount "104"]
[EventDate "2003.02.22"]
[EventType "swiss"]
[EventRounds "5"]
[EventCountry "CAN"]
[SourceDate "2003.08.17"]

1. d4 d5 2. Nf3 c5 3. c3 e6 4. Bf4 Nc6 5. e3 Nf6 6. Nbd2 Bd6 7. Bd3 Bxf4 8.
exf4 cxd4 9. cxd4 Qd6 10. Ne5 Nxd4 11. Qa4+ Nc6 12. Bb5 Bd7 13. Nxd7 Kxd7 14.
Rc1 Rhc8 15. f5 Ke7 16. O-O exf5 17. Rc3 Kf8 18. Qh4 Kg8 19. Bd3 Ne4 20. Bxe4
fxe4 21. Rh3 h6 22. Rd1 Qe7 23. Qg4 Ne5 24. Qg3 Qg5 25. Qb3 b6 26. Rg3 Qf5 27.
Nf1 Nd3 28. f3 Rc1 29. Ne3 Rxd1+ 30. Qxd1 Qf6 31. h3 Rc8 32. Qd2 Qf4 33. Rg4
Rc1+ 34. Qxc1 Nxc1 35. Rxf4 Ne2+ 36. Kh2 Nxf4 37. g3 d4 38. Nf5 e3 39. Kg1 Ne6
40. Kf1 Kf8 41. Ke2 f6 42. b4 Ke8 43. b5 h5 44. f4 Kd7 45. Kd3 g6 46. Nh4 g5
47. fxg5 fxg5 48. Nf5 h4 49. gxh4 Nf4+ 50. Kc2 d3+ 51. Kd1 e2+ 52. Kd2 Ng2 0-1

[Event "Northern Alberta op"]
[Site "Edmonton CAN"]
[Date "2003.02.23"]
[Round "4"]
[White "Bjornsson, Yngvi"]
[Black "McIntosh, Danny"]
[Result "0-1"]
[WhiteElo "2077"]
[BlackElo "1712"]
[PlyCount "60"]
[EventDate "2003.02.22"]
[EventType "swiss"]
[EventRounds "5"]
[EventCountry "CAN"]
[SourceDate "2003.08.17"]

1. e4 c5 2. Nc3 g6 3. g3 b6 4. Bg2 Bb7 5. Nge2 d6 6. d3 Bg7 7. Be3 Nf6 8. h3
Nbd7 9. Qd2 O-O 10. Bh6 Rc8 11. h4 Ne5 12. O-O-O d5 13. h5 Bxh6 14. Qxh6 Neg4
15. Qf4 e5 16. Qf3 d4 17. Nd5 c4 18. Nxf6+ Nxf6 19. Kb1 Qd6 20. Nc1 c3 21. g4
a5 22. g5 Nd7 23. Bh3 cxb2 24. Nb3 a4 25. Bxd7 axb3 26. Bxc8 bxa2+ 27. Kxa2
Rxc8 28. Qf6 Ra8+ 29. Kb1 Qa3 30. c4 Qc3 0-1

[Event "Northern Alberta op"]
[Site "Edmonton CAN"]
[Date "2003.02.23"]
[Round "4"]
[White "Hughey, Micah"]
[Black "Gardner, Robert"]
[Result "0-1"]
[WhiteElo "2016"]
[BlackElo "2226"]
[PlyCount "50"]
[EventDate "2003.02.22"]
[EventType "swiss"]
[EventRounds "5"]
[EventCountry "CAN"]

1. e4 c5 2. Nf3 d6 3. d4 cxd4 4. Qxd4 Nc6 5. Bb5 Bd7 6. Bxc6 Bxc6 7. Nc3 e6 8.
Bg5 Nf6 9. O-O-O Be7 10. Rhe1 O-O 11. Qd2 a6 12. Nd4 Rc8 13. Kb1 b5 14. a3 Qb6
15. f3 a5 16. Be3 Qb7 17. Na2 d5 18. e5 Nd7 19. Qxa5 Nxe5 20. Nxc6 Qxc6 21. Nc3
Nc4 22. Qa7 Rc7 23. Qd4 Bf6 24. Qd3 Nxb2 25. Qxb5 Nxd1 0-1

[Event "Northern Alberta op"]
[Site "Edmonton CAN"]
[Date "2003.02.23"]
[Round "4"]
[White "Stark, Mark"]
[Black "Dean, Tim"]
[Result "0-1"]
[WhiteElo "1714"]
[BlackElo "1774"]
[PlyCount "64"]
[EventDate "2003.02.22"]
[EventType "swiss"]
[EventRounds "5"]
[EventCountry "CAN"]

1. d4 Nf6 2. c4 e5 3. dxe5 Ng4 4. Bf4 Nc6 5. Nf3 Bb4+ 6. Nbd2 Qe7 7. e3 Ngxe5
8. Nxe5 Nxe5 9. a3 Bxd2+ 10. Qxd2 d6 11. Be2 Be6 12. Rc1 O-O-O 13. Qc3 Ng6 14.
Bg3 h5 15. h3 h4 16. Bh2 Qg5 17. Bf3 Ne5 18. Be4 f5 19. Bf4 Qe7 20. Bd5 Bxd5
21. cxd5 g5 22. Bh2 g4 23. Bf4 Ng6 24. Qd4 Nxf4 25. Qxf4 Qd7 26. hxg4 fxg4 27.
Qg5 h3 28. O-O Rdg8 29. Qf6 g3 30. fxg3 hxg2 31. Rxc7+ Kxc7 32. Rc1+ Kb8 0-1

[Event "Northern Alberta op"]
[Site "Edmonton CAN"]
[Date "2003.02.23"]
[Round "5"]
[White "Dean, Tim"]
[Black "Boik, Andrew"]
[Result "0-1"]
[WhiteElo "1714"]
[BlackElo "1816"]
[PlyCount "78"]
[EventDate "2003.02.22"]
[EventType "swiss"]
[EventRounds "5"]
[EventCountry "CAN"]

1. e4 d5 2. exd5 Nf6 3. d4 Nxd5 4. Nc3 Nxc3 5. bxc3 g6 6. Be3 Bg7 7. Nf3 c5 8.
Bc4 O-O 9. Qd2 Nc6 10. O-O Qa5 11. Rad1 Bg4 12. Bd5 Bxf3 13. Bxf3 Rfd8 14. Bxc6
bxc6 15. Bg5 f6 16. Bh6 Qxa2 17. Rde1 Rd7 18. Qe3 Bxh6 19. Qxh6 Qxc2 20. Qe3
Qf5 21. dxc5 e5 22. Rd1 Rad8 23. Qc1 Rd3 24. Qa1 R8d7 25. h3 e4 26. Qa2+ Kg7
27. Rxd3 exd3 28. Rd1 Qxc5 29. Qd2 Qe5 30. g3 Qe2 31. f4 Qxd2 32. Rxd2 c5 33.
c4 a5 34. Kf2 a4 35. Ke1 a3 36. Rg2 d2+ 37. Kd1 Rd3 38. g4 Rxh3 39. Rxd2 Rh1+
0-1

[Event "Northern Alberta op"]
[Site "Edmonton CAN"]
[Date "2003.02.23"]
[Round "5"]
[White "Gardner, Robert"]
[Black "Karmali, Hafiz"]
[Result "1-0"]
[WhiteElo "2226"]
[BlackElo "1984"]
[PlyCount "59"]
[EventDate "2003.02.22"]
[EventType "swiss"]
[EventRounds "5"]
[EventCountry "CAN"]

1. e4 e6 2. d4 d5 3. Nd2 Nf6 4. e5 Nfd7 5. f4 c5 6. c3 Nc6 7. Ndf3 Qb6 8. g3
cxd4 9. cxd4 Bb4+ 10. Kf2 O-O 11. Kg2 f6 12. Bd3 Rf7 13. Ne2 Nf8 14. g4 Bd7 15.
Ng3 Rc8 16. Be3 Be7 17. Qe2 Nb4 18. Bb1 Bb5 19. Qd2 Qc7 20. Rc1 Qxc1 21. Bxh7+
Kxh7 22. Rxc1 Rc6 23. Rxc6 bxc6 24. a3 Na6 25. a4 Bxa4 26. Qd3+ Kg8 27. Qxa6
Bb5 28. Qxa7 Bb4 29. Qb8 Kh7 30. f5 1-0

[Event "Northern Alberta op"]
[Site "Edmonton CAN"]
[Date "2003.02.23"]
[Round "5"]
[White "Huber, Greg"]
[Black "Hughey, Micah"]
[Result "1/2-1/2"]
[WhiteElo "2325"]
[BlackElo "2016"]
[PlyCount "63"]
[EventDate "2003.02.22"]
[EventType "swiss"]
[EventRounds "5"]
[EventCountry "CAN"]
[SourceDate "2003.08.17"]

1. e4 e5 2. Nc3 Bc5 3. f4 Nc6 4. fxe5 d6 5. exd6 Qxd6 6. Nf3 Nf6 7. Bb5 Bg4 8.
d3 O-O 9. Bxc6 bxc6 10. Qe2 Rfe8 11. Be3 Rab8 12. Nd1 Nxe4 13. dxe4 Rxe4 14.
O-O Bxe3+ 15. Nxe3 Rbe8 16. Qf2 Rxe3 17. Nd4 f6 18. c3 c5 19. Nf5 Bxf5 20. Qxf5
Re2 21. Rad1 Rd2 22. Rxd2 Qxd2 23. Qxc5 Re2 24. Qc4+ Kh8 25. Qg4 h6 26. h3 Qxb2
27. Qc8+ Kh7 28. Qf5+ Kg8 29. Qd5+ Kh7 30. Qf5+ Kg8 31. Qc8+ Kh7 32. Qf5+
1/2-1/2

[Event "Northern Alberta op"]
[Site "Edmonton CAN"]
[Date "2003.02.23"]
[Round "5"]
[White "Vasylev, Yuri"]
[Black "Kazakevich, Alexander"]
[Result "1-0"]
[WhiteElo "2210"]
[BlackElo "1667"]
[PlyCount "87"]
[EventDate "2003.02.22"]
[EventType "swiss"]
[EventRounds "5"]
[EventCountry "CAN"]

1. e4 c6 2. d4 d5 3. e5 Bf5 4. g4 Bg6 5. Ne2 h6 6. Nf4 Bh7 7. Bd3 Bxd3 8. Nxd3
e6 9. O-O Nd7 10. Be3 Qh4 11. Nd2 h5 12. g5 Be7 13. f4 f6 14. Nf3 Qg4+ 15. Kh1
fxg5 16. fxg5 O-O-O 17. Nf2 Qf5 18. Nh4 Qf7 19. Nh3 Qe8 20. Qd3 Nf8 21. Rf4 c5
22. c3 Qc6 23. Raf1 Kb8 24. Kg1 cxd4 25. cxd4 g6 26. Rf7 Qb6 27. R1f2 Qb4 28.
a3 Qe1+ 29. Kg2 Nh6 30. Rxe7 Ng4 31. Bd2 Qe4+ 32. Qxe4 dxe4 33. Rff7 Nd7 34.
Rxd7 Rxd7 35. Rxd7 Rf8 36. Bf4 Rc8 37. Nxg6 Rc2+ 38. Kg3 e3 39. Bxe3 Nxe3 40.
Kh4 Rxh2 41. Ngf4 Kc8 42. Rf7 Nf5+ 43. Rxf5 exf5 44. g6 1-0

[Event "October TNT"]
[Site "Winnipeg CAN"]
[Date "2003.10.07"]
[Round "1"]
[White "Cleto, Sam"]
[Black "Taylor, Jasper"]
[Result "1-0"]
[WhiteElo "1914"]
[BlackElo "1476"]
[PlyCount "65"]
[EventDate "2003.10.07"]
[EventType "swiss"]
[EventRounds "4"]
[EventCountry "CAN"]

1. e4 c6 2. d4 d5 3. Nc3 dxe4 4. Nxe4 Bf5 5. Ng3 Bg6 6. h4 h6 7. h5 Bh7 8. Nf3
Nd7 9. Bd3 Bxd3 10. Qxd3 Qc7 11. Bd2 e6 12. O-O-O O-O-O 13. Kb1 Ngf6 14. Ne4
Be7 15. g3 Nxe4 16. Qxe4 Nf6 17. Qe2 Rd7 18. Bf4 Bd6 19. Ne5 Re7 20. c4 Rg8 21.
Rhe1 Bxe5 22. dxe5 Nd7 23. Bd2 Ree8 24. f4 Kb8 25. Be3 Nb6 26. Rd6 Rd8 27. Red1
Rxd6 28. exd6 Qd8 29. Bxb6 Qxb6 30. Qe5 Qd8 31. c5 Ka8 32. Re1 Qf6 33. f5 1-0

[Event "October TNT"]
[Site "Winnipeg CAN"]
[Date "2003.10.07"]
[Round "1"]
[White "Gibbons, Lorne"]
[Black "Rutter, Blair"]
[Result "0-1"]
[WhiteElo "1310"]
[BlackElo "1708"]
[PlyCount "44"]
[EventDate "2003.10.07"]
[EventType "swiss"]
[EventRounds "4"]
[EventCountry "CAN"]

1. d4 d5 2. c4 c6 3. Nc3 Nf6 4. e3 g6 5. Be2 Bg7 6. c5 O-O 7. b4 Nbd7 8. g4 e5
9. dxe5 Nxe5 10. h3 Be6 11. Qc2 d4 12. exd4 Qxd4 13. a3 Nc4 14. Nf3 Qd8 15. O-O
Qc7 16. Nd4 Ne5 17. Bf4 Nd5 18. Bg3 Qe7 19. Rae1 Nd7 20. Bd6 Qh4 21. Nxd5 Bxd5
22. Bxf8 Qxh3 0-1

[Event "October TNT"]
[Site "Winnipeg CAN"]
[Date "2003.10.07"]
[Round "1"]
[White "Hogeveen Rutter, Alexander"]
[Black "Taylor, Evan"]
[Result "1-0"]
[WhiteElo "1698"]
[BlackElo "1305"]
[PlyCount "49"]
[EventDate "2003.10.07"]
[EventType "swiss"]
[EventRounds "4"]
[EventCountry "CAN"]

1. e4 c6 2. d4 d5 3. e5 Bf5 4. Nf3 e6 5. Nc3 Nd7 6. Be3 Bb4 7. a3 Ba5 8. Be2 h6
9. O-O Ne7 10. b4 Bb6 11. Na4 O-O 12. c4 f6 13. Nxb6 axb6 14. Qd2 Rf7 15. Bf4
g5 16. Bg3 Ng6 17. h4 Rh7 18. exf6 Qxf6 19. hxg5 Qh8 20. Nh2 Rf8 21. f3 e5 22.
dxe5 dxc4 23. Bxc4+ Kg7 24. e6 Nde5 25. Qb2 1-0

[Event "October TNT"]
[Site "Winnipeg CAN"]
[Date "2003.10.07"]
[Round "1"]
[White "Nair, Krishnan"]
[Black "Zaczek, Jonathan"]
[Result "0-1"]
[WhiteElo "1255"]
[BlackElo "1696"]
[PlyCount "86"]
[EventDate "2003.10.07"]
[EventType "swiss"]
[EventRounds "4"]
[EventCountry "CAN"]

1. e4 c5 2. Bc4 e6 3. e5 Nc6 4. Nf3 d6 5. exd6 Bxd6 6. O-O Nf6 7. Nc3 a6 8. d3
O-O 9. Re1 b5 10. Bb3 Bb7 11. a3 Qc7 12. g3 Rad8 13. Kf1 Be7 14. Bf4 Bd6 15.
Bg5 Be7 16. Bf4 Qb6 17. Ne4 Nxe4 18. Rxe4 Nd4 19. Re3 Nxf3 20. Rxf3 Bxf3 21.
Qxf3 Bf6 22. c3 c4 23. dxc4 bxc4 24. Bxc4 Qxb2 25. Rd1 Qxc3 26. Qxc3 Bxc3 27.
Rxd8 Rxd8 28. Bxa6 Ra8 29. Bc4 Rxa3 30. Kg2 Ra4 31. Bb5 Rb4 32. Bc6 Rb2 33. Be3
Ba5 34. Kf3 Bb6 35. Bxb6 Rxb6 36. Ba4 Rb4 37. Bc2 g5 38. g4 Kg7 39. h3 f5 40.
gxf5 exf5 41. Kg3 Kf6 42. f3 h5 43. h4 Rxh4 0-1

[Event "October TNT"]
[Site "Winnipeg CAN"]
[Date "2003.10.07"]
[Round "1"]
[White "Pottinger, Carl"]
[Black "Babb, Jeff"]
[Result "0-1"]
[WhiteElo "1602"]
[BlackElo "2167"]
[PlyCount "49"]
[EventDate "2003.10.07"]
[EventType "swiss"]
[EventRounds "4"]
[EventCountry "CAN"]

1. d4 Nf6 2. Nf3 e6 3. Bg5 Be7 4. Nbd2 c5 5. e3 b6 6. Bd3 Bb7 7. O-O h6 8. Bxf6
gxf6 9. e4 cxd4 10. Nxd4 Nc6 11. c3 h5 12. f4 Bc5 13. N2b3 d5 14. Nxc5 bxc5 15.
Nxc6 Bxc6 16. Re1 d4 17. Qc2 Rb8 18. b3 Qb6 19. Kh1 Ke7 20. Rac1 Rbc8 21. e5 f5
22. Be2 h4 23. h3 Rhg8 24. Rg1 Rg3 25. c4 0-1

[Event "October TNT"]
[Site "Winnipeg CAN"]
[Date "2003.10.07"]
[Round "1"]
[White "Tetrault, Claude"]
[Black "Tang, Edward"]
[Result "0-1"]
[WhiteElo "1539"]
[BlackElo "1968"]
[PlyCount "74"]
[EventDate "2003.10.07"]
[EventType "swiss"]
[EventRounds "4"]
[EventCountry "CAN"]

1. d4 Nf6 2. Nf3 g6 3. g3 Bg7 4. Bg5 O-O 5. Nbd2 d6 6. Bg2 Nc6 7. O-O e5 8. c3
h6 9. Bxf6 Bxf6 10. Qc2 exd4 11. Ne4 dxc3 12. Nxf6+ Qxf6 13. b3 Bf5 14. Qc1 Kh7
15. Rd1 Rfe8 16. e3 Bg4 17. Nd4 Bxd1 18. Qxd1 Nxd4 19. exd4 c6 20. Rc1 Re7 21.
Qd3 Rae8 22. Qxc3 Re2 23. Bf3 R8e3 24. Bxe2 Rxc3 25. Rxc3 Qxd4 26. Rd3 Qa1+ 27.
Kg2 Qxa2 28. b4 Kg7 29. Bf3 Qb2 30. h4 Qxb4 31. h5 gxh5 32. Bxh5 d5 33. Rf3 Qe4
34. g4 a5 35. Kg3 f6 36. Rb3 b5 37. f3 Qe5+ 0-1

[Event "October TNT"]
[Site "Winnipeg CAN"]
[Date "2003.10.07"]
[Round "1"]
[White "Tretiakov, Igor"]
[Black "Haapamaki, Eric"]
[Result "0-1"]
[WhiteElo "1465"]
[BlackElo "1879"]
[PlyCount "76"]
[EventDate "2003.10.07"]
[EventType "swiss"]
[EventRounds "4"]
[EventCountry "CAN"]

1. e4 c5 2. Bc4 e6 3. Nc3 Nc6 4. Nge2 Na5 5. d3 Nxc4 6. dxc4 Be7 7. Na4 d6 8.
b3 Nf6 9. f3 O-O 10. Bb2 a6 11. Nac3 Qc7 12. Qd2 Bd7 13. Nf4 Rfd8 14. Nce2 b5
15. Bc3 Qb7 16. cxb5 axb5 17. O-O Ra6 18. a3 Bc6 19. Ng3 d5 20. e5 Nd7 21. Nfh5
d4 22. Bxd4 cxd4 23. Qf4 Rxa3 24. Qg4 g6 25. Nf6+ Nxf6 26. exf6 Rxa1 27. Rxa1
Bxf6 28. Rd1 Qb6 29. Kh1 Qc5 30. Ne4 Bxe4 31. fxe4 Qxc2 32. Rf1 Qc7 33. h4 Be5
34. h5 d3 35. hxg6 hxg6 36. g3 d2 37. Kg2 Bxg3 38. Rh1 Qf4 0-1